| 000 | 00699nam a2200217 a 4500 | ||
|---|---|---|---|
| 005 | 20210223125921.0 | ||
| 008 | 060508s2004 mx r 000 0 spa d | ||
| 020 | _a968496546X | ||
| 035 | _aUPN01000144277 | ||
| 049 | _aCG | ||
| 050 | 4 |
_aJZ1318 _bP7.7 |
|
| 245 | 0 | 0 |
_aProducciones locales y globalización en los países emergentes : _bMéxico, India y Brasil / _ccoord. Margarita Estrada. |
| 260 |
_aMéxico : _bCIESAS : _bIRD, _c2004. |
||
| 300 | _a443 p. | ||
| 440 | 0 | _aAntropologías | |
| 650 | 4 |
_aGLOBALIZACION - _zMEXICO _918349 |
|
| 650 | 4 |
_aGLOBALIZACION - _zINDIA _918747 |
|
| 650 | 4 |
_aGLOBALIZACION - _zBRASIL _918746 |
|
| 700 | 1 |
_aEstrada Iguíniz, Margarita, _ecoord. |
|
| 905 | _aLibro | ||
| 999 |
_c116424 _d116424 |
||